Fast Math - Collatz conjecture sequence for 27 - Statistics

General Stats
  • This quiz has been taken 118 times
  • The average score is 67 of 111
Answer Stats
% Correct
82
100%
41
96%
124
93%
31
93%
62
93%
94
93%
107
91%
142
91%
161
91%
214
91%
322
91%
47
91%
71
91%
121
89%
182
89%
242
89%
364
89%
484
89%
91
89%
137
87%
206
87%
274
87%
412
87%
103
85%
155
85%
233
85%
310
85%
466
85%
175
84%
263
84%
350
84%
395
84%
526
84%
700
84%
790
84%
1186
80%
593
80%
1780
78%
445
78%
890
78%
1336
76%
167
75%
334
75%
668
75%
251
73%
502
73%
754
73%
377
71%
1132
69%
566
67%
283
65%
425
65%
850
65%
1276
64%
319
64%
638
64%
479
62%
958
62%
1438
60%
719
60%
1079
58%
2158
58%
3238
56%
1619
55%
2429
55%
4858
55%
7288
51%
3644
49%
1822
47%
911
45%
2734
42%
1367
40%
4102
38%
2051
36%
3077
36%
6154
36%
9232
36%
1154
35%
2308
35%
4616
35%
577
35%
976
35%
1
33%
122
33%
1300
33%
244
33%
325
33%
488
33%
61
33%
650
33%
106
31%
1732
31%
184
31%
23
31%
35
31%
433
31%
46
31%
70
31%
866
31%
92
31%
16
29%
160
29%
2
29%
4
29%
53
29%
8
29%
80
29%
10
27%
20
27%
40
27%
5
27%
No matching quizzes found
Score Distribution
Percent of People with Each Score
Percentile by Number Answered
Your Score History
You have not taken this quiz